STN P ISO/TS 20065: 2025 (01 1624), Akustika. Objektívna metóda hodnotenia počuteľnosti tónov v hluku. Technická metóda.
Uložené v:
| Korporatívny autor: | |
|---|---|
| Ďalší autori: | |
| Médium: | Norma |
| Jazyk: | Slovak English |
| Vydané: |
Bratislava :
Úrad pre normalizáciu, metrológiu a skúšobníctvo Slovenskej republiky,
2025.
|
| Témy: | |
| Fyzický popis: |
36 strán. |
| Tagy: |
Pridať tag
Žiadne tagy, Buďte prvý kto otaguje tento záznam!
|
Titul je dostupný aj v ... 

MARC
| LEADER | 00000nam a2200000 a 4500 | ||
|---|---|---|---|
| 001 | 000736176 | ||
| 003 | SVKKK | ||
| 005 | 20260206113444.0 | ||
| 008 | 211104s2025 xo k f u 000 0 slo c | ||
| 020 | |c (Úhrada je určená počtom strán) | ||
| 040 | |a SVKKK |b slo |c SVKKK |e AACR2 | ||
| 041 | 1 | |a slo |h eng | |
| 044 | |a xo |c SK | ||
| 046 | |a s |m 20250801 (účin.) | ||
| 080 | |a 534.8:69 |2 2011 | ||
| 080 | |a 006.7/.8 |2 2011 | ||
| 080 | |a (437.6) |2 2011 | ||
| 080 | |a (4) |2 2011 | ||
| 084 | |a 17.140.01 |2 ICS | ||
| 084 | |a 13.140 |2 ICS | ||
| 130 | 0 | |a STN 01 1624 (STN P ISO/TS 20065) | |
| 245 | 1 | 0 | |a STN P ISO/TS 20065: 2025 (01 1624), Akustika. Objektívna metóda hodnotenia počuteľnosti tónov v hluku. Technická metóda. |
| 246 | 1 | 0 | |a Akustika |
| 246 | 1 | 0 | |a Objektívna metóda hodnotenia počuteľnosti tónov v hluku |
| 246 | 1 | 0 | |a Technická metóda |
| 246 | 3 | 0 | |a idt ISO/TS 20065:2022 |
| 260 | |a Bratislava : |b Úrad pre normalizáciu, metrológiu a skúšobníctvo Slovenskej republiky, |c 2025. | ||
| 300 | |a 36 strán. | ||
| 500 | |a Súbežný názov v angličtine, francúzštine, nemčine | ||
| 540 | |a STN vydané na akomkoľvek nosiči sa môžu rozmnožovať a rozširovať iba so súhlasom určenej právnickej osoby |b SÚTN Bratislava |c zákon 60/2018 Z. z. | ||
| 500 | |a Spracovateľ: AKUSON s. r. o., Bratislava, Ing. Mgr. Radovan Rimský | ||
| 655 | 7 | |a normy |2 SVKKKPH | |
| 650 | 0 | 7 | |a stavebná akustika |2 SVKKKPH |
| 650 | 0 | 7 | |a technické normy a štandardy |z Slovensko |2 SVKKKPH |
| 650 | 0 | 7 | |a technické normy a štandardy |z krajiny Európskej únie |2 SVKKKPH |
| 650 | 0 | 7 | |a akustika |2 SVKKKPH |
| 650 | 0 | 7 | |a akustické izolácie |2 SVKKKPH |
| 700 | 1 | |a Rimský, Radovan |4 trl | |
| 710 | 1 | |a Slovensko. |b Úrad pre normalizáciu, metrológiu a skúšobníctvo |4 stn | |
| 710 | 2 | |a Slovenský ústav technickej normalizácie (Bratislava, Slovensko). |b Technická komisia č. 21 Akustika a mechanické kmitanie |4 stn | |
| 710 | 2 | |a AKUSON s.r.o. (Bratislava, Slovensko) | |
| 910 | |a svkkk | ||
| 998 | |a NO | ||
| 090 | |g SCKHL |k Normy Pribinova 1 |a STN P ISO/TS 20065 |j 15335 |i 2721206627 |s Normy-prez. | ||